000 00760nam a2200229Ia 4500
003 Ost
005 20260507075042.0
008 260507s9999||||xx |||||||||||||| ||und||
020 _a9773280829
040 _cfsecg
041 _aara
082 _a330
100 _aترك، محمد عبد الفتاح
_eمؤلف
245 0 _aالتحكيم البحري /
_c محمد عبد الفتاح ترك
260 _aالاسكندرية:
_bدار الجامعة الجديدة للنشر,
_c2003
300 _a844 صفحة؛
_c25 سم
490 _aالمكتبة القانونية
520 _aعقود استغلال السفن،التحكيم ا لبحري
653 _aالقانون بحري
653 _aالنقل بحري
942 _cكتاب
999 _c42522
_d42522